| 000 | 00529nam a2200193 a 4500 | ||
|---|---|---|---|
| 001 | 5896 | ||
| 003 | CDMR | ||
| 005 | 20131010154330.0 | ||
| 008 | 130220s1990||||||||||||||||||||||||||||d | ||
| 020 | _a844061287 | ||
| 040 |
_aCDMR _bcat _cCDMR |
||
| 100 | 1 |
_aCorberó, Salvador _92909 |
|
| 245 | 1 | 4 |
_aPostius _cSalvador Corberó _b: els racons de la memòria |
| 260 |
_aBarcelona _bEdicions B _c1990 |
||
| 300 |
_a179 p ; _c22 cm |
||
| 490 | 0 |
_aSerie Reporter _v45 |
|
| 650 | 0 | 4 |
_aPeriodistes catalans _vBiografia _93139 |
| 942 |
_cMON _2udc |
||
| 999 |
_c5896 _d5896 |
||